<?xml version="1.0" encoding="UTF-8"?>
<marc:record xmlns:marc="http://www.loc.gov/MARC21/slim">
   <marc:leader>00000nam a2200000 a 4500</marc:leader>
   <marc:datafield ind1="1" ind2=" " tag="100">
      <marc:subfield code="a">Mash, Robert</marc:subfield>
      <marc:subfield code="4">aut</marc:subfield>
      <marc:subfield code="e">Verfasser/-in</marc:subfield>
   </marc:datafield>
   <marc:datafield ind1="1" ind2=" " tag="100">
      <marc:subfield code="a">Mash, Robert</marc:subfield>
   </marc:datafield>
   <marc:datafield ind1=" " ind2=" " tag="653">
      <marc:subfield code="a">Dinosaurier</marc:subfield>
   </marc:datafield>
   <marc:datafield ind1=" " ind2=" " tag="653">
      <marc:subfield code="a">Haustiere</marc:subfield>
   </marc:datafield>
   <marc:datafield ind1=" " ind2=" " tag="653">
      <marc:subfield code="a">Humoristische Darstellung</marc:subfield>
   </marc:datafield>
   <marc:datafield ind1="0" ind2="0" tag="245">
      <marc:subfield code="a">Dinosaurier (nicht nur) für Haus, Hof und Garten</marc:subfield>
   </marc:datafield>
   <marc:datafield ind1="0" ind2="0" tag="245">
      <marc:subfield code="b">ein praktischer Ratgeber für den modernen Tierfreund</marc:subfield>
   </marc:datafield>
   <marc:datafield ind1="0" ind2="0" tag="245">
      <marc:subfield code="c">Robert Mash. Mit einem Vorw. von Richard Dawkins. Aus dem Engl. von Dietmar Zimmer</marc:subfield>
   </marc:datafield>
   <marc:datafield ind1=" " ind2="1" tag="264">
      <marc:subfield code="a">München</marc:subfield>
      <marc:subfield code="b">Elsevier, Spektrum, Akad. Verl.</marc:subfield>
      <marc:subfield code="c">2004</marc:subfield>
   </marc:datafield>
   <marc:datafield ind1=" " ind2=" " tag="250">
      <marc:subfield code="a">1. Aufl.</marc:subfield>
   </marc:datafield>
   <marc:datafield ind1="1" ind2=" " tag="520">
      <marc:subfield code="a">Wenn es nach Hollywood und den Massenmedien ginge, müssten alle Dinosaurier riesengroß, feindselig und unzähmbar sein. Aber in Wahrheit gibt es viele Arten, die sich als nette und sogar nützliche Gefährten erweisen können. Vom Mieter in der Stadt, der ein Haustier sucht, bis zum Landbesitzer, der seine Liegenschaften besser vor Unbefugten schützen möchte - es gibt für jeden Zweck den idealen Dino, wie dieses Buch zeigt. Die Palette reicht vom immer populären "Compsognathus"&gt; (sanftmütig und zutraulich - wenn er einmal gelernt hat, seinen Besitzer zu erkennen) und dem flinken "Coelophysis" (ein exzellenter Balljunge und mit ein bisschen Übung sogar in der Lage, ein paar einfache Akkorde auf dem Klavier zu spielen) bis den weitaus anspuchsvolleren Vertretern der Gattungen "Ankylosaurus" (langsam, gedrungen, etwas unzuverlässig und gefährlich - aber nicht ohne Bewunderer) und "Brontosaurus" (gewissermassen der Mount Everest der Saurierhaltung, eine Herausforderung, der sich nur die Mutigsten stellen). Knapp 60 dieser Kreaturen sind in diesem Führer in spektakulären Farbfotos und ausführlichen Beschreibungen vorgestellt.</marc:subfield>
   </marc:datafield>
   <marc:datafield ind1=" " ind2=" " tag="020">
      <marc:subfield code="a">9783827415578</marc:subfield>
      <marc:subfield code="9">9783827415578</marc:subfield>
   </marc:datafield>
   <marc:datafield ind1=" " ind2=" " tag="020">
      <marc:subfield code="a">3827415578</marc:subfield>
      <marc:subfield code="9">3827415578</marc:subfield>
   </marc:datafield>
   <marc:datafield ind1=" " ind2=" " tag="041">
      <marc:subfield code="a">ger</marc:subfield>
   </marc:datafield>
   <marc:datafield ind1=" " ind2=" " tag="300">
      <marc:subfield code="a">96 S.</marc:subfield>
   </marc:datafield>
</marc:record>
